Networking spatial information systems

Αποθηκεύτηκε σε:
Λεπτομέρειες βιβλιογραφικής εγγραφής
Άλλοι συγγραφείς: Newton, Peter Wesley 1948- (Επιμελητής έκδοσης), Zwart, P. R. (Επιμελητής έκδοσης), Cavill, M. E. (Επιμελητής έκδοσης)
Μορφή: Βιβλίο
Γλώσσα:English
Δημοσίευση: Chichester : John Wiley and sons, c1995
Έκδοση:Rev. ed.
Θέματα:
Ετικέτες: Προσθήκη ετικέτας
Δεν υπάρχουν, Καταχωρήστε ετικέτα πρώτοι!

MARC

LEADER 00000nam a2200000 i 4500
001 1/77016
008 990401s1995 eng d
020 |a 0-471-94734-2 
035 |l 10049738 
040 |a GR-MY-UA  |b gre  |e aacr 
041 0 |a eng 
082 0 |a 910.28546 
245 1 0 |a Networking spatial information systems /  |c edited by P. W. Newton, P. R. Zwart, and M. E. Cavill 
250 |a Rev. ed. 
260 |a Chichester :   |b John Wiley and sons,   |c c1995 
300 |a x, 332 σ.;  |b εικ., χάρτες;  |c 24 εκ. 
504 |a Περιέχει βιβλιογραφικές παραπομπές και ευρετήριο 
650 0 0 |a Computer networks. 
700 0 |a Newton, Peter Wesley  |d 1948-  |4 edt 
700 0 |a Zwart, P. R.  |4 edt 
700 0 |a Cavill, M. E.  |4 edt 
852 |a INST  |b LESVOS  |e 19990401  |h 910.28546 NET  |p 005100017050  |q 005100017050  |t BK  |y 0 
901 |a BIBL-1999-1 
909 |a Λ  |b 062066 
922 |a 1ΕΛΗ  |b 199812  |c ΚΠΣ/ΤΓ  |d LEADER 
950 |a 118-1998-10-19